Nursing diagnosis & intervention: planning for patient care. / (Record no. 9500)
[ view plain ]
| 000 -LEADER | |
|---|---|
| fixed length control field | 01436cam a2200325 a 4500 |
| 001 - CONTROL NUMBER | |
| control field | 4029194 |
| 003 - CONTROL NUMBER IDENTIFIER | |
| control field | OSt |
| 005 - DATE AND TIME OF LATEST TRANSACTION | |
| control field | 20230411164959.0 |
| 008 - FIXED-LENGTH DATA ELEMENTS--GENERAL INFORMATION | |
| fixed length control field | 971209s1997 mou b 001 0 eng |
| 010 ## - LIBRARY OF CONGRESS CONTROL NUMBER | |
| LC control number | 97223430 |
| 020 ## - INTERNATIONAL STANDARD BOOK NUMBER | |
| International Standard Book Number | 0815170262 |
| 040 ## - CATALOGING SOURCE | |
| Original cataloging agency | DLC |
| Transcribing agency | LC |
| Modifying agency | DLC |
| 050 00 - LIBRARY OF CONGRESS CALL NUMBER | |
| Classification number | RT49.N87 |
| 082 00 - DEWEY DECIMAL CLASSIFICATION NUMBER | |
| Classification number | 610.73 |
| Edition number | 21 |
| 245 00 - TITLE STATEMENT | |
| Title | Nursing diagnosis & intervention: planning for patient care. / |
| Statement of responsibility, etc. | [edited by] Gertrude K. McFarland, Elizabeth A. McFarlane. |
| 246 3# - VARYING FORM OF TITLE | |
| Title proper/short title | Nursing diagnosis and intervention |
| 250 ## - EDITION STATEMENT | |
| Edition statement | 3rd ed. |
| 260 ## - PUBLICATION, DISTRIBUTION, ETC. | |
| Place of publication, distribution, etc. | St. Louis: |
| Name of publisher, distributor, etc. | Mosby, |
| Date of publication, distribution, etc. | 1997. |
| 300 ## - PHYSICAL DESCRIPTION | |
| Extent | xviii, 939 p. ; |
| Dimensions | 24 cm. |
| 500 ## - GENERAL NOTE | |
| General note | Plastic guide card (18 x 10 cm.) inserted. |
| 504 ## - BIBLIOGRAPHY, ETC. NOTE | |
| Bibliography, etc. note | Includes bibliographical references and index. |
| 505 ## - FORMATTED CONTENTS NOTE | |
| Formatted contents note | Contents: Health-perception: Health-management pattern -- Nutritional-metabolic pattern -- Elimination pattern -- Activity-exercise pattern -- Sleep-rest pattern -- Cognitive-perceptual pattern -- Self-perception: Self concept pattern -- Role-relationship pattern -- Sexuality-reproductive pattern -- Coping: stress-tolerance pattern -- Value-belief pattern -- |
| 650 #0 - SUBJECT ADDED ENTRY--TOPICAL TERM | |
| Topical term or geographic name entry element | Nursing care plans. |
| 9 (RLIN) | 1179 |
| 650 #0 - SUBJECT ADDED ENTRY--TOPICAL TERM | |
| Topical term or geographic name entry element | Diagnosis. |
| 9 (RLIN) | 1180 |
| 700 1# - ADDED ENTRY--PERSONAL NAME | |
| Personal name | McFarland, Gertrude K., |
| 9 (RLIN) | 1181 |
| 700 1# - ADDED ENTRY--PERSONAL NAME | |
| Personal name | McFarlane, Elizabeth A. |
| 9 (RLIN) | 1182 |
| 906 ## - LOCAL DATA ELEMENT F, LDF (RLIN) | |
| a | 7 |
| b | cbc |
| c | orignew |
| d | 2 |
| e | ncip |
| f | 19 |
| g | y-gencatlg |
| 942 ## - ADDED ENTRY ELEMENTS (KOHA) | |
| Source of classification or shelving scheme | Library of Congress Classification |
| Koha item type | Books |
| Withdrawn status | Lost status | Source of classification or shelving scheme | Damaged status | Not for loan | Home library | Current library | Shelving location | Date acquired | Total Checkouts | Full call number | Barcode | Date last seen | Price effective from | Koha item type |
|---|---|---|---|---|---|---|---|---|---|---|---|---|---|---|
| Library of Congress Classification | WISCONSIN INTERNATIONAL UNIVERSITY COLLEGE, GHANA KUMASI LIBRARY | WISCONSIN INTERNATIONAL UNIVERSITY COLLEGE, GHANA KUMASI LIBRARY | nursing | 09/02/2023 | RT49.N87(3e) | KSN/1136/083/23 | 11/04/2023 | 11/04/2023 | Books |
